000 00397nam a2200181Ia 4500
005 20250603145255.0
008 250603s9999 xx 000 0 und d
020 _a9789785432121
050 _aKP 66 .E4/
100 _aEzike, Obimma Edwin
245 0 _aLegal Research Writing
260 _aEnugu
260 _bChenglo
260 _c2018
300 _a8 p
650 _aEnugu
942 _cBK
999 _c41378
_d41378